010240000a22002170004500090001400000245016700014650003600181650002700217650002800244650002600272651006900298041001400367700003000381700003200411700003100443100003800474942001300512773004200525999001700567952022200584 aARb0221610aObservaciones etnobotánicas sobre plantas medicinales en comunidades afrocolombianas del bajo Calima (